000
00309nam a2200133Ia 4500
008
240624s9999 xx 000 0 und d
041
_a
eng
082
_a
920 COS
100
_a
COSBY BILL
245
_a
TIME FLIES
260
_c
1988
_a
New York
_b
Bantam Books
300
_a
176 : p. : cm. ; 17
365
_c
BPS
_b
20
999
_c
8115
_d
8115